Transferové oceňovanie metódy zisťovania zdaniteľných rozdielov
Na zistenie zdaniteľného rozdielu vplyvom transferového oceňovania medzi závislými osobami sa používajú metódy vychádzajúce z porovnávania ceny alebo metódy vychádzajúce z porovnávania zisku. Vhodnosť zvolenej metódy musí byť odôvodnená.
Guardado en:
| Autor principal: | |
|---|---|
| Formato: | Capítulo de libro |
| Lenguaje: | eslovaco |
| Materias: | |
| Etiquetas: |
Sin Etiquetas, Sea el primero en etiquetar este registro!
|
MARC
| LEADER | 00000naa a2200000 4500 | ||
|---|---|---|---|
| 001 | 0200472 | ||
| 005 | 20231114104029.0 | ||
| 041 | 0 | |a slo | |
| 044 | |a SK | ||
| 245 | 1 | 0 | |a Transferové oceňovanie |b metódy zisťovania zdaniteľných rozdielov |c Vladimír Pastierik |
| 520 | |a Na zistenie zdaniteľného rozdielu vplyvom transferového oceňovania medzi závislými osobami sa používajú metódy vychádzajúce z porovnávania ceny alebo metódy vychádzajúce z porovnávania zisku. Vhodnosť zvolenej metódy musí byť odôvodnená. | ||
| 610 | 2 | 0 | |a oceňovanie transferové |
| 610 | 2 | 0 | |a osoby závislé |
| 610 | 2 | 0 | |a metódy |
| 100 | 1 | |a Pastierik, Vladimír | |